|
|
|
|
| LEADER |
00000nab a2200000 ar4500 |
| 001 |
vtls009481462 |
| 003 |
SK-MaSNL |
| 005 |
20260303205629.0 |
| 008 |
090309c19730109xo |r|p|||||||000 b|slo |
| 015 |
|
|
|a SNBRB1973
|
| 038 |
|
|
|a SNKBUCL
|
| 040 |
|
|
|a SNKBUCL
|b slo
|c SNKBUCL
|e AACR2
|
| 041 |
|
|
|a slo
|
| 044 |
|
|
|a xo
|c SK
|
| 080 |
|
|
|a 7.097
|2 1997
|
| 100 |
1 |
|
|a Laucká, Eva
|4 aut
|9 726879
|
| 245 |
1 |
0 |
|a Televízne Červené víno
|c Eva Laucká
|
| 600 |
1 |
7 |
|a Hečko, František,
|d 1905-1960
|t Červené víno
|2 snkbucl
|9 99150
|
| 610 |
2 |
7 |
|a Československá televízia
|2 snkbucl
|9 215938
|
| 655 |
|
7 |
|a recenzie
|2 snkbucl
|9 21907
|
| 773 |
0 |
|
|t Práca
|g (9.1.1973), s. 6
|
| 852 |
|
|
|a SNK
|b KIS3GCP
|
| 958 |
|
|
|a RC
|
| 999 |
|
|
|c 2196372
|d 2198302
|